El mito roto: inmigración y emigración en Costa Rica /

Պահպանված է:
Մատենագիտական մանրամասներ
Հիմնական հեղինակ: Barquero B., Jorge A.
Ձևաչափ: Տեքստ
Լեզու:Spanish
Ցուցիչներ: Ավելացրեք ցուցիչ
Չկան պիտակներ, Եղեք առաջինը, ով նշում է այս գրառումը!

MARC

LEADER 00000 a a2200000 04500
001 40089
003 cru CRAI/IIS
005 20210305130548.0
008 210305b ||||| |||| 00| 0 spa d
040 |c cru CRAI/IIS 
100 |a Barquero B., Jorge A.  
245 |a El mito roto:   |b inmigración y emigración en Costa Rica /  |c Jorge A. Barquero B.  
773 |g volumen33 ( 2007), páginas 407-410  
773 0 |0 18765  |9 5217  |a Universidad de Costa Rica.  |d San José, Costa Rica: Editorial Universidad de Costa Rica, 1974-  |o 09560  |t Anuario de Estudios Centroamericanos /  |x 03777316 
942 |2 ddc  |c PP 
999 |c 23033  |d 23033